[Event "HUN-chT2 Szechenyi 0405"]
[Site "Hungary"]
[Date "2004.12.05"]
[Round "4"]
[White "Bende, Ede"]
[Black "Gyarmati, Peter"]
[Result "1-0"]
[WhiteElo "2192"]
[BlackElo "2138"]
[PlyCount "117"]
[EventDate "2004.09.26"]
[EventType "team"]
[EventRounds "11"]
[EventCountry "HUN"]
[SourceTitle "EXT 2009"]
[Source "ChessBase"]
[SourceDate "2008.11.26"]
[SourceVersion "1"]
[SourceVersionDate "2008.11.26"]
[SourceQuality "1"]
[WhiteTeam "Gyor Vizugy"]
[BlackTeam "Zala Volan"]
[WhiteTeamCountry "HUN"]
[BlackTeamCountry "HUN"]

1. d4 Nf6 2. Nf3 g6 3. c4 Bg7 4. Nc3 0-0 5. e4 d6 6. Bd3 e5 7. d5 Na6 8. 0-0 Nc5 9. Bc2 a5 10. a3 Bd7 11. Be3 Na6 12. Rb1 Ng4 13. Bg5 Qe8 14. h3 h6 15. hxg4 hxg5 16. Nxg5 Qe7 17. Nh3 Qh4 18. f3 Bh6 19. Qe1 Qe7 20. g3 Kg7 21. Kg2 Rh8 22. Qe2 Raf8 23. Rbe1 Kg8 24. Nd1 c6 25. Ndf2 cxd5 26. cxd5 g5 27. Nd3 Nc7 28. a4 Na6 29. Qf2 Rc8 30. Rc1 Nc5 31. Nxc5 dxc5 32. b3 Bg7 33. Bd3 b6 34. Qd2 f6 35. Nf2 Bh6 36. Nd1 Bf8 37. Ne3 Qd6 38. Qe2 Rd8 39. Rcd1 Bc8 40. Ba6 Bd7 41. Bb5 Bc8 42. Bc6 Qc7 43. Qb5 Qa7 44. Qc4 Bd6 45. Bb5 Kg7 46. Rh1 Rxh1 47. Rxh1 Rh8 48. Qf1 Rxh1 49. Qxh1 Qc7 50. Qh5 Qf7 51. Qxf7+ Kxf7 52. Nc4 Ke7 53. Nxb6 Bb7 54. Nc4 Bc7 55. d6+ Bxd6 56. Nxa5 Bc8 57. Nc6+ Ke6 58. a5 Bb7 59. Nd8+ 1-0

[Event "HUN-chT2 Szechenyi 0304"]
[Site "Hungary"]
[Date "2003.09.28"]
[Round "1"]
[White "Horvath, Laszlo2222"]
[Black "Gyarmati, Peter"]
[Result "1-0"]
[WhiteElo "2130"]
[BlackElo "2146"]
[PlyCount "57"]
[EventDate "2003.09.28"]
[EventType "team"]
[EventRounds "11"]
[EventCountry "HUN"]
[SourceTitle "EXT 2009"]
[Source "ChessBase"]
[SourceDate "2008.11.26"]
[SourceVersion "1"]
[SourceVersionDate "2008.11.26"]
[SourceQuality "1"]
[WhiteTeam "Gyor Vizugy"]
[BlackTeam "Zala Volan"]
[WhiteTeamCountry "HUN"]
[BlackTeamCountry "HUN"]

1. e4 c5 2. Nf3 Nc6 3. d4 cxd4 4. Nxd4 Nf6 5. Nc3 e5 6. Ndb5 d6 7. a4 a6 8. Na3 Be6 9. Bg5 Qa5 10. Bxf6 gxf6 11. Nc4 Qb4 12. Ne3 Nd4 13. Bd3 Bg7 14. 0-0 Rc8 15. Ncd5 Qc5 16. b4 Qa7 17. b5 Bxd5 18. Nxd5 axb5 19. Qg4 0-0 20. axb5 Qc5 21. Nxf6+ Kh8 22. Nd7 Qc7 23. Nxf8 Bxf8 24. f4 Bg7 25. fxe5 Bxe5 26. Rxf7 Qc5 27. Raf1 Nf5+ 28. Kh1 Nh6 29. Rf8+ 1-0

[Event "HUN-chT2 Szechenyi 0203"]
[Site "Hungary"]
[Date "2002.09.22"]
[Round "1"]
[White "Bende, Ede"]
[Black "Gyarmati, Peter"]
[Result "1/2-1/2"]
[WhiteElo "2102"]
[BlackElo "2152"]
[PlyCount "139"]
[EventDate "2002.09.22"]
[EventType "team"]
[EventRounds "11"]
[EventCountry "HUN"]
[SourceTitle "EXT 2009"]
[Source "ChessBase"]
[SourceDate "2008.11.26"]
[SourceVersion "1"]
[SourceVersionDate "2008.11.26"]
[SourceQuality "1"]

1. d4 Nf6 2. c4 c5 3. e3 g6 4. Nf3 Bg7 5. Nc3 Na6 6. Be2 0-0 7. 0-0 d6 8. a3 Bd7 9. Qc2 Rc8 10. Bd2 b6 11. Rac1 Nc7 12. Rfd1 cxd4 13. Nxd4 Ne6 14. Ndb5 a6 15. Nd4 Qc7 16. h3 Qc5 17. Na4 Qc7 18. Nc3 Qb8 19. Qb1 Nxd4 20. exd4 Bf5 21. Qa2 Rfd8 22. Qb3 Rc7 23. Na4 Rb7 24. Bf3 Be4 25. Re1 Bxf3 26. Qxf3 Rc8 27. b4 Rd7 28. Bf4 Nh5 29. Be3 b5 30. cxb5 Rxc1 31. Rxc1 axb5 32. Qc6 Rb7 33. g4 Nf6 34. Qc8+ Ne8 35. Rc7 Qxc8 36. Rxc8 Kf8 37. Nc3 Rc7 38. Rxc7 Nxc7 39. f4 Ke8 40. Kf2 Kd7 41. Kf3 Kc6 42. Ke4 e6 43. Bf2 f5+ 44. Kd3 Nd5 45. Ne2 Nb6 46. Be3 Na4 47. Ng1 Kd5 48. Nf3 Nb2+ 49. Kc3 Nd1+ 50. Kd3 Nxe3 51. Kxe3 Bf6 52. Kd3 fxg4 53. hxg4 Bd8 54. Nd2 Bh4 55. Ne4 Bd8 56. g5 e5 57. dxe5 dxe5 58. Nc3+ Kc6 59. fxe5 Bxg5 60. Ke4 h5 61. e6 h4 62. a4 bxa4 63. Nxa4 h3 64. Kf3 Bf4 65. Nc3 g5 66. Ne4 h2 67. Kg2 g4 68. e7 Kd7 69. Nf6+ Kxe7 70. Nxg4 1/2-1/2

[Event "HUN-chT3 0102"]
[Site "Hungary"]
[Date "2002.03.03"]
[Round "8.3"]
[White "Zalan, Janos"]
[Black "Gyarmati, Peter"]
[Result "1/2-1/2"]
[WhiteElo "2160"]
[BlackElo "2152"]
[PlyCount "60"]
[EventDate "2001.09.30"]
[EventType "team"]
[EventRounds "11"]
[EventCountry "HUN"]
[SourceTitle "EXT 2004"]
[Source "ChessBase"]
[SourceDate "2003.11.25"]
[SourceVersion "1"]
[SourceVersionDate "2003.11.25"]
[SourceQuality "1"]

1. e4 e6 2. d4 d5 3. Nd2 Nf6 4. e5 Nfd7 5. f4 c5 6. c3 Nc6 7. Ndf3 Qb6 8. g3 cxd4 9. cxd4 Bb4+ 10. Kf2 f6 11. Be3 g5 12. Bh3 fxe5 13. fxe5 0-0 14. Bxe6+ Kh8 15. Kg2 Ndxe5 16. Nxg5 Be7 17. N1h3 Qxb2+ 18. Qd2 Qxd2+ 19. Bxd2 Nxd4 20. Bxd5 Bxh3+ 21. Nxh3 Rad8 22. Bxb7 Nb3 23. Bc3 Nxa1 24. Bxe5+ Bf6 25. Bxf6+ Rxf6 26. Rxa1 Rd2+ 27. Kg1 Rb6 28. Bg2 Rbb2 29. Nf4 Rxa2 30. Rxa2 Rxa2 1/2-1/2

[Event "HUN-chT2 9900"]
[Site "Hungary"]
[Date "2000.03.26"]
[Round "10"]
[White "Gyarmati, Peter"]
[Black "Sandor, Attila"]
[Result "1/2-1/2"]
[WhiteElo "2150"]
[BlackElo "2105"]
[PlyCount "72"]
[EventDate "1999.09.26"]
[EventType "team"]
[EventRounds "11"]
[EventCountry "HUN"]
[SourceTitle "EXT 2002"]
[Source "ChessBase"]
[SourceDate "2001.11.25"]
[SourceVersion "1"]
[SourceVersionDate "2001.11.25"]
[SourceQuality "1"]

1. d4 e5 2. dxe5 Nc6 3. Nf3 Qe7 4. Nc3 Nxe5 5. Nxe5 Qxe5 6. Qd5 Bd6 7. Qxe5+ Bxe5 8. Bd2 c6 9. f4 Bc7 10. e4 Ne7 11. Bd3 d6 12. 0-0-0 Bd7 13. Be3 b5 14. Rhf1 f5 15. exf5 Nxf5 16. Bg1 0-0 17. Rde1 d5 18. Bc5 Rf7 19. g3 Bb6 20. Bxb6 axb6 21. Bxf5 Bxf5 22. a3 d4 23. Ne4 Rd7 24. Nf2 h5 25. h3 d3 26. cxd3 Bxd3 27. Nxd3 Rxd3 28. Rg1 b4 29. Kc2 Rf3 30. axb4 Ra4 31. Ref1 Rxf1 32. Rxf1 Rxb4 33. Kc3 c5 34. h4 Kf7 35. Re1 Kf6 36. Re5 g6 1/2-1/2

[Event "HUN-chT2 9900"]
[Site "Hungary"]
[Date "2000.02.27"]
[Round "8"]
[White "Majdanics, Antal"]
[Black "Gyarmati, Peter"]
[Result "1/2-1/2"]
[WhiteElo "2185"]
[BlackElo "2150"]
[PlyCount "39"]
[EventDate "1999.09.26"]
[EventType "team"]
[EventRounds "11"]
[EventCountry "HUN"]
[SourceTitle "EXT 2002"]
[Source "ChessBase"]
[SourceDate "2001.11.25"]
[SourceVersion "1"]
[SourceVersionDate "2001.11.25"]
[SourceQuality "1"]

1. e4 e6 2. d3 d5 3. Nd2 Nf6 4. Ngf3 Nc6 5. g3 dxe4 6. dxe4 e5 7. Bg2 Bc5 8. 0-0 0-0 9. Qe2 Qe7 10. c3 a5 11. Nc4 b6 12. Nh4 Bg4 13. Qc2 Qe6 14. Ne3 Bxe3 15. Bxe3 Bh3 16. Bxh3 Qxh3 17. Bg5 Qe6 18. Nf5 Ne7 19. Nxe7+ Qxe7 20. Rad1 1/2-1/2

[Event "HUN-chT2 9900"]
[Site "Hungary"]
[Date "1999.11.14"]
[Round "4"]
[White "Holczl, Attila"]
[Black "Gyarmati, Peter"]
[Result "0-1"]
[WhiteElo "2059"]
[BlackElo "2150"]
[PlyCount "86"]
[EventDate "1999.09.26"]
[EventType "team"]
[EventRounds "11"]
[EventCountry "HUN"]
[SourceTitle "EXT 2002"]
[Source "ChessBase"]
[SourceDate "2001.11.25"]
[SourceVersion "1"]
[SourceVersionDate "2001.11.25"]
[SourceQuality "1"]

1. d4 Nf6 2. Nf3 g6 3. e3 Bg7 4. Bd3 0-0 5. Nbd2 d6 6. 0-0 Nbd7 7. c3 e5 8. e4 Re8 9. Re1 Rb8 10. Nf1 c6 11. h3 b5 12. a3 a5 13. g4 h6 14. Ng3 Qc7 15. Be3 c5 16. Rc1 c4 17. Bb1 Bb7 18. Qd2 Kh7 19. g5 hxg5 20. Bxg5 Rh8 21. Rcd1 Ne8 22. Nh2 Kg8 23. Ng4 f6 24. Be3 Nf8 25. f3 Bc8 26. Kg2 Qf7 27. dxe5 dxe5 28. f4 exf4 29. Bxf4 Rb7 30. Qf2 Ne6 31. Be3 Bd7 32. Rf1 Bc6 33. Bd4 Qf8 34. Bxf6 Rf7 35. Qb6 Nxf6 36. Qxc6 Nxg4 37. hxg4 Nf4+ 38. Kg1 Nh3+ 39. Kh1 Nf2+ 40. Kg1 Nxd1 41. Rxd1 Rf3 42. Nf1 Rxf1+ 43. Rxf1 Rh1+ 0-1

[Event "HUN-chT2 9899"]
[Site "Hungary"]
[Date "1999.??.??"]
[Round "?"]
[White "Gyarmati, Peter"]
[Black "Bagdi, Timea"]
[Result "1-0"]
[WhiteElo "2165"]
[BlackElo "2005"]
[PlyCount "71"]
[EventDate "1998.??.??"]
[EventType "team"]
[EventRounds "12"]
[EventCountry "HUN"]
[SourceTitle "EXT 2000"]
[Source "ChessBase"]
[SourceDate "1999.11.16"]
[SourceVersion "1"]
[SourceVersionDate "1999.11.16"]
[SourceQuality "1"]

1. e4 c5 2. Nf3 e6 3. d4 cxd4 4. Nxd4 Nf6 5. Nc3 Nc6 6. Ndb5 Bb4 7. Bf4 Nxe4 8. Qf3 d5 9. Nc7+ Ke7 10. 0-0-0 Bxc3 11. bxc3 g5 12. Bg3 f5 13. Bc4 Nxg3 14. Qxg3 Kf6 15. h4 g4 16. Nxa8 Qa5 17. Bb3 Qa3+ 18. Kb1 Qc5 19. Nc7 Rd8 20. Qe3 Qxe3 21. fxe3 a6 22. Na8 b5 23. Nb6 Bb7 24. Bxd5 exd5 25. Nxd5+ Ke5 26. Nf4 Rxd1+ 27. Rxd1 Na5 28. Rd7 Be4 29. Rxh7 Nc4 30. Rh6 Bd5 31. Nxd5 Kxd5 32. Rg6 Nxe3 33. h5 f4 34. h6 f3 35. gxf3 gxf3 36. h7 1-0

[Event "HUN-chT2 9899"]
[Site "Hungary"]
[Date "1999.??.??"]
[Round "?"]
[White "Gyarmati, Peter"]
[Black "Kosztolanczi, Gyula"]
[Result "0-1"]
[WhiteElo "2165"]
[BlackElo "2150"]
[PlyCount "82"]
[EventDate "1998.??.??"]
[EventType "team"]
[EventRounds "12"]
[EventCountry "HUN"]
[SourceTitle "EXT 2000"]
[Source "ChessBase"]
[SourceDate "1999.11.16"]
[SourceVersion "1"]
[SourceVersionDate "1999.11.16"]
[SourceQuality "1"]

1. d4 Nf6 2. Nf3 g6 3. c4 Bg7 4. Nc3 d6 5. g3 0-0 6. Bg2 Nc6 7. d5 Na5 8. Qa4 c5 9. Nd2 a6 10. Qc2 Rb8 11. a4 e6 12. 0-0 exd5 13. cxd5 b5 14. axb5 axb5 15. Nb3 Nxb3 16. Qxb3 b4 17. Nd1 Re8 18. Re1 Ng4 19. h3 Ne5 20. Ne3 Qb6 21. Nc4 Nxc4 22. Qxc4 Bd7 23. Ra6 Qc7 24. Qa2 Bb5 25. Ra7 Qb6 26. e4 Bd4 27. Qa5 c4 28. Qxb6 Bxb6 29. Ra2 b3 30. Ra3 Bc5 31. Ra1 Bd4 32. Rd1 Bg7 33. Rb1 Ra8 34. Be3 Ra2 35. Bd4 Bxd4 36. Rxd4 Rc8 37. Bf1 Rxb2 38. Rxb2 c3 39. Rxb3 c2 40. Rxb5 c1Q 41. Rbb4 Qe1 0-1

[Event "Budapest Nyar op"]
[Site "Budapest"]
[Date "1998.??.??"]
[Round "8"]
[White "Gyarmati, Peter"]
[Black "Szabo, Zsolt Jozsef"]
[Result "0-1"]
[WhiteElo "2200"]
[BlackElo "2415"]
[PlyCount "86"]
[EventDate "1998.??.??"]
[EventType "swiss"]
[EventRounds "9"]
[EventCountry "HUN"]
[SourceTitle "EXT 2000"]
[Source "ChessBase"]
[SourceDate "1999.11.16"]
[SourceVersion "1"]
[SourceVersionDate "1999.11.16"]
[SourceQuality "1"]

1. d4 Nf6 2. c4 g6 3. Nc3 d5 4. Nf3 Bg7 5. Bf4 c6 6. e3 0-0 7. Be2 a6 8. Ne5 e6 9. 0-0 Nfd7 10. Nxd7 Nxd7 11. cxd5 exd5 12. Rc1 Nb6 13. Na4 Nxa4 14. Qxa4 Qe7 15. Qa5 Re8 16. Qc5 Qxc5 17. Rxc5 Bxd4 18. Rc2 Bf6 19. Bd3 Be6 20. b3 h5 21. h3 Kg7 22. Kh2 h4 23. Bc7 Rac8 24. Bb6 Be5+ 25. f4 Bf6 26. f5 Bxf5 27. Bxf5 gxf5 28. Rxf5 Re4 29. Rcf2 Be5+ 30. Rxe5 Rxe5 31. Bd4 f6 32. Bxe5 fxe5 33. Rf5 Re8 34. Rh5 d4 35. Rxh4 Rd8 36. exd4 exd4 37. Rf4 d3 38. Rf1 d2 39. Rd1 c5 40. Kg3 b5 41. Kf3 c4 42. bxc4 bxc4 43. Ke2 c3 0-1

[Event "Budapest Nyar op"]
[Site "Budapest"]
[Date "1998.??.??"]
[Round "4"]
[White "Gyarmati, Peter"]
[Black "Trifunovic, Dusan"]
[Result "1-0"]
[WhiteElo "2200"]
[BlackElo "2075"]
[PlyCount "103"]
[EventDate "1998.??.??"]
[EventType "swiss"]
[EventRounds "9"]
[EventCountry "HUN"]
[SourceTitle "EXT 2000"]
[Source "ChessBase"]
[SourceDate "1999.11.16"]
[SourceVersion "1"]
[SourceVersionDate "1999.11.16"]
[SourceQuality "1"]

1. d4 d5 2. c4 e5 3. e3 exd4 4. exd4 Nf6 5. Nf3 Be7 6. Nc3 0-0 7. Bd3 dxc4 8. Bxc4 Bg4 9. Be3 Nbd7 10. 0-0 Nb6 11. Be2 Nbd5 12. Ne5 Bxe2 13. Qxe2 c6 14. Rad1 Qa5 15. Qc2 Rad8 16. Bg5 Qc7 17. Qf5 h6 18. Bh4 g6 19. Qh3 Qc8 20. Qf3 Kg7 21. h3 Nh7 22. Bg3 Ng5 23. Qd3 f5 24. f4 Ne6 25. Ne2 h5 26. Be1 h4 27. Kh2 c5 28. Bc3 c4 29. Nxc4 b5 30. Ne3 b4 31. Nxd5 Rxd5 32. Be1 a5 33. Rc1 Qd7 34. Bf2 Qd6 35. Be3 Bf6 36. Rfd1 Rd8 37. Rc4 g5 38. Qd2 g4 39. hxg4 fxg4 40. Kh1 Rh8 41. Qc2 g3 42. Rc6 Qd7 43. f5 Rxf5 44. Qxf5 Qxc6 45. d5 Qd7 46. Qxe6 Qxe6 47. dxe6 Bxb2 48. Bd4+ Bxd4 49. Nxd4 Rh5 50. Re1 Kf8 51. e7+ Ke8 52. Ne6 1-0

[Event "HUN-chT2 9899"]
[Site "Hungary"]
[Date "1998.??.??"]
[Round "?"]
[White "Tatar Kis, Szabolcs"]
[Black "Gyarmati, Peter"]
[Result "1-0"]
[WhiteElo "2350"]
[BlackElo "2165"]
[PlyCount "53"]
[EventDate "1998.??.??"]
[EventType "team"]
[EventRounds "12"]
[EventCountry "HUN"]
[SourceTitle "EXT 2000"]
[Source "ChessBase"]
[SourceDate "1999.11.16"]
[SourceVersion "1"]
[SourceVersionDate "1999.11.16"]
[SourceQuality "1"]

1. e4 e6 2. d4 d5 3. Nc3 Bb4 4. e5 Ne7 5. a3 Bxc3+ 6. bxc3 c5 7. Qg4 Qc7 8. Qxg7 Rg8 9. Qxh7 cxd4 10. Ne2 Nbc6 11. f4 dxc3 12. Qd3 Bd7 13. Rb1 Nf5 14. Qxc3 d4 15. Qd3 0-0-0 16. Rg1 Na5 17. Rb4 Nc6 18. Rb2 Be8 19. g4 Nh4 20. Kf2 Qe7 21. g5 Nf5 22. Bg2 a6 23. Bd2 Qc5 24. Rgb1 Rd7 25. Be4 Nfe7 26. Bb4 Nxb4 27. Rxb4 1-0

[Event "HUN-chT2"]
[Site "Hungary"]
[Date "1997.??.??"]
[Round "?"]
[White "Gyarmati, Peter"]
[Black "Bors, Tamas"]
[Result "1/2-1/2"]
[WhiteElo "2135"]
[BlackElo "2195"]
[PlyCount "132"]
[EventDate "1997.??.??"]
[EventType "team-swiss"]
[EventRounds "13"]
[EventCountry "HUN"]
[SourceTitle "EXT 2006"]
[Source "ChessBase"]
[SourceDate "2005.11.24"]
[SourceVersion "1"]
[SourceVersionDate "2005.11.24"]
[SourceQuality "1"]

1. Nf3 d5 2. c4 d4 3. b4 c5 4. bxc5 Nc6 5. g3 e5 6. d3 Bxc5 7. Bg2 Nge7 8. 0-0 0-0 9. Ba3 Qd6 10. Bxc5 Qxc5 11. Nbd2 Rb8 12. Ne4 Qa5 13. Nd6 Rd8 14. Nxc8 Nxc8 15. Qd2 Qc5 16. Rab1 Nd6 17. Rfc1 h6 18. Qb2 b6 19. Nd2 Na5 20. Ne4 Nxe4 21. Bxe4 Rbc8 22. Qb4 Qxb4 23. Rxb4 Rc5 24. Rb5 Rdc8 25. Rxc5 Rxc5 26. Rb1 Kf8 27. Kf1 Ke7 28. Ke1 Kd6 29. Kd2 g6 30. g4 Ke6 31. Bd5+ Ke7 32. Be4 Kf6 33. h4 g5 34. hxg5+ hxg5 35. e3 Rc8 36. Rh1 Rc5 37. Rh6+ Ke7 38. exd4 exd4 39. a4 Re5 40. Kc2 Nxc4 41. Rc6 Nd6 42. Rc7+ Kf6 43. Rxa7 Nxe4 44. dxe4 Rxe4 45. Kd3 Rxg4 46. Rb7 Rf4 47. Rxb6+ Kf5 48. Rb2 Rf3+ 49. Kxd4 Rf4+ 50. Ke3 Rxa4 51. Kf3 Ra3+ 52. Kg2 g4 53. Rb5+ Kf4 54. Rb4+ Kg5 55. Rb2 Kh4 56. Rc2 f5 57. Rb2 f4 58. Rb8 Ra2 59. Rh8+ Kg5 60. Rg8+ Kf5 61. Rf8+ Ke4 62. Re8+ Kd3 63. Rd8+ Ke2 64. Re8+ Kd1 65. Re4 g3 66. Rxf4 Rxf2+ 1/2-1/2

[Event "HUN-chT2 9798"]
[Site "Hungary"]
[Date "1997.??.??"]
[Round "?"]
[White "Gyarmati, Peter"]
[Black "Kincs, Imre"]
[Result "0-1"]
[WhiteElo "2135"]
[BlackElo "2220"]
[PlyCount "92"]
[EventDate "1997.??.??"]
[EventType "team"]
[EventRounds "11"]
[EventCountry "HUN"]
[SourceTitle "EXT 1999"]
[Source "ChessBase"]
[SourceDate "1998.11.16"]
[SourceVersion "1"]
[SourceVersionDate "1998.11.16"]
[SourceQuality "1"]

1. Nf3 c5 2. c4 g6 3. g3 Bg7 4. Bg2 Nc6 5. 0-0 d6 6. Nc3 a6 7. e3 e5 8. Re1 Be6 9. b3 Rb8 10. Rb1 h5 11. Bb2 Nh6 12. d3 g5 13. Nd5 g4 14. Nd2 h4 15. Nf1 0-0 16. Qd2 h3 17. Bh1 f5 18. Rbd1 Nf7 19. Qc1 Ng5 20. Nd2 Ne7 21. Nxe7+ Qxe7 22. f4 gxf3 23. Nxf3 Bh6 24. Qc3 b5 25. Nxg5 Bxg5 26. cxb5 axb5 27. d4 b4 28. Qd3 e4 29. Qe2 Rf7 30. dxc5 dxc5 31. Qh5 Bf6 32. Bxf6 Qxf6 33. Qxh3 f4 34. Qh4 Qxh4 35. gxh4 f3 36. Kf2 Ra8 37. Rd2 Rfa7 38. Rg1+ Kf7 39. Bxf3 exf3 40. Kxf3 Rxa2 41. Rd6 Rxh2 42. Rg5 Ke7 43. Rb6 Rf8+ 44. Kg3 Rh3+ 45. Kg2 Rxh4 46. Re5 Rg4+ 0-1

[Event "HUN-chT2"]
[Site "Hungary"]
[Date "1997.??.??"]
[Round "9"]
[White "Hargittay, Szabolcs"]
[Black "Gyarmati, Peter"]
[Result "0-1"]
[WhiteElo "2220"]
[BlackElo "2135"]
[PlyCount "78"]
[EventDate "1997.??.??"]
[EventType "team-swiss"]
[EventRounds "13"]
[EventCountry "HUN"]
[SourceTitle "EXT 2006"]
[Source "ChessBase"]
[SourceDate "2005.11.24"]
[SourceVersion "1"]
[SourceVersionDate "2005.11.24"]
[SourceQuality "1"]

1. e4 e6 2. d3 d5 3. Nd2 Nf6 4. Ngf3 Nc6 5. c3 dxe4 6. dxe4 e5 7. Bb5 Bd6 8. 0-0 0-0 9. Re1 Bg4 10. Qc2 Qe7 11. Be2 a5 12. a4 Bc5 13. Nc4 h6 14. Be3 Bh5 15. Nh4 Bxe3 16. Nxe3 Bxe2 17. Rxe2 Qe6 18. Rd1 Rad8 19. Red2 Rxd2 20. Rxd2 Rd8 21. Nf3 Rxd2 22. Nxd2 Ne7 23. Ndc4 b6 24. f3 Ng6 25. Qd2 Qe8 26. b3 Kh7 27. Nd5 Nxd5 28. exd5 b5 29. Nxa5 bxa4 30. b4 a3 31. Qc2 Qb5 32. Qa2 Nf4 33. Nc4 Nxd5 34. Qc2+ g6 35. Nxa3 Qb6+ 36. Kh1 Qe3 37. h3 Nxc3 38. Nc4 Qe1+ 39. Kh2 Ne2 0-1

[Event "Balatonbereny op"]
[Site "Balatonbereny"]
[Date "1997.??.??"]
[Round "4"]
[White "Hever, Miklos"]
[Black "Gyarmati, Peter"]
[Result "1/2-1/2"]
[WhiteElo "2295"]
[BlackElo "2135"]
[PlyCount "30"]
[EventDate "1997.??.??"]
[EventType "swiss"]
[EventRounds "9"]
[EventCountry "HUN"]
[SourceTitle "EXT 2001"]
[Source "ChessBase"]
[SourceDate "2000.11.22"]
[SourceVersion "1"]
[SourceVersionDate "2000.11.22"]
[SourceQuality "1"]

1. Nf3 Nf6 2. c4 g6 3. g3 Bg7 4. Bg2 0-0 5. 0-0 d6 6. d4 Nbd7 7. Nc3 e5 8. e3 c6 9. b3 e4 10. Nd2 d5 11. Ba3 Re8 12. cxd5 cxd5 13. Nb5 Qa5 14. Nd6 Qxa3 15. Nxe8 Nxe8 1/2-1/2

[Event "Balatonbereny op"]
[Site "Balatonbereny"]
[Date "1997.??.??"]
[Round "6"]
[White "Trnovec, Mihaly"]
[Black "Gyarmati, Peter"]
[Result "1/2-1/2"]
[WhiteElo "2225"]
[BlackElo "2135"]
[PlyCount "48"]
[EventDate "1997.??.??"]
[EventType "swiss"]
[EventRounds "9"]
[EventCountry "HUN"]
[SourceTitle "EXT 2001"]
[Source "ChessBase"]
[SourceDate "2000.11.22"]
[SourceVersion "1"]
[SourceVersionDate "2000.11.22"]
[SourceQuality "1"]

1. e4 e6 2. d4 d5 3. Nc3 Bb4 4. a3 Bxc3+ 5. bxc3 dxe4 6. Qg4 Nf6 7. Qxg7 Rg8 8. Qh6 Nbd7 9. Bg5 Rg6 10. Qh4 c5 11. Ne2 Qa5 12. Bd2 Qa4 13. h3 Qxc2 14. Rc1 Qb2 15. Nf4 Rg8 16. dxc5 Qxa3 17. Bb5 Qxc5 18. Bxd7+ Nxd7 19. Qxh7 Nf6 20. Qh4 Nd5 21. Nxd5 Qxd5 22. c4 Qf5 23. g4 Qg6 24. Be3 Bd7 1/2-1/2